000 00450nam a2200169Ia 4500
008 180921t2015 xxu||||| |||| 00| 1 sin d
041 _asin
080 _aX8C31
_bMAL
100 _aMallawaarachchi, Edward
245 _aපොළවෙන් අහසට
246 _aPolowen Ahasata
260 _bMallawaarachchi Publishers
_aTalangama
_c2015
300 _a264p., 21cm
942 _cBK
999 _c8296
_d8296
003 LK-CoDNM
040 _aLK-CoDNM
_dLK-CoDNM
_eLK-CoDNM